000
00393nam a2200133Ia 4500
008
151001s9999||||xx |||||||||||||| ||und||
100
_a
कामतानाथ
245
_a
समुद्र तट पर खुलने वाली खिडकी
250
_a
1
260
_b
जनवाणी प्रकाशन
260
_c
1998
300
_a
87
365
_b
21
999
_c
980297
_d
980294